El gato Mog
Wedi'i Gadw mewn:
| Prif Awdur: | |
|---|---|
| Fformat: | Llyfr |
| Iaith: | Sbaeneg |
| Cyhoeddwyd: |
Madrid
SM
1996
|
| Rhifyn: | 15a. ed |
| Cyfres: | El Barco de Vapor. Serie azul, 14
|
| Pynciau: | |
| Tagiau: |
Ychwanegu Tag
Dim Tagiau, Byddwch y cyntaf i dagio'r cofnod hwn!
|
MARC
| LEADER | 00000nam a2200000 a 4500 | ||
|---|---|---|---|
| 001 | UCH6814 | ||
| 003 | CL-VaPUC | ||
| 008 | 091109e19960000SP |||||||||||||||||spa|d | ||
| 020 | |a 8434812754 | ||
| 082 | 0 | 4 | |a 823 |b AIK |2 21 |
| 100 | 0 | |a Aiken, Joan |e author |9 543414 | |
| 245 | 1 | 3 | |a El gato Mog |
| 250 | |a 15a. ed | ||
| 300 | |a 97 p | ||
| 942 | |c BK | ||
| 945 | |d 20091109 00:00:00 |a lazolas | ||
| 260 | |a Madrid |b SM |c 1996 | ||
| 650 | 0 | |a Cuento infantil inglés |9 310546 | |
| 650 | 0 | |a Literatura infantil |9 307465 | |
| 583 | |a last modification |c 20091109 00:00:00 |k Rodrigo Vera | ||
| 490 | 0 | |a El Barco de Vapor. Serie azul, 14 | |
| 999 | |c 337635 |d 337633 | ||